Milchprodukte - Statistiken

Allgemein
  • Dieses Quiz wurde 94 mal gespielt
  • Das Durchschnittsergebnis liegt bei 9 aus 24
Antwortstatistiken
Hint Antwort % Korrekt
Besser mit Löffel Joghurt
88%
Basis jeder guten Stulle Butter
82%
von Mager bis Doppelrahm Quark
66%
Lässt sich fest schlagen Schlagsahne
65%
Der flüssige Klassiker Vollmilch
52%
Wer's sauer mag Buttermilch
45%
Zum Spätertrinken H-Milch
40%
Trockenvariante Milchpulver
40%
wie Knetmasse Filata
39%
Oder auch ohne Löffel Kefir
35%
Light-Version Fettarme Milch
34%
Wurde zu viel geschlagen? Saure Sahne
34%
Tut der Boomer in den Kaffee Kondensmilch
31%
Rookie in der verarbeiteten Klasse Frischkäse
30%
Stichfest Schmand
27%
mit Musik Handkäse
25%
zum Hobeln Hartkäse
25%
Für frankophile Fettliebhaber Crème fraiche
17%
Für ganz schlanke Magermilch
17%
in Scheiben Schnittkäse
17%
Zum Braten Butterschmalz
16%
noch nicht richtig fest Weichkäse
16%
Kommt im eigenen Saft Salzlakenkäse
13%
Bisschen eklige Konsistenz Schmelzkäse
10%
Keine übereinstimmenden Quizze gefunden
Verteilung der Resultate
Anzahl Personen mit jedem Resultat
Perzentil nach korrekt beantworteten Fragen
Ihre Resultats-Entwicklung
Sie haben dieses Quiz noch nicht gespielt